Library Banner

Anatomy of the mind : (Record no. 106904)

MARC details
000 -LEADER
fixed length control field 00771cam a2200229 i 4500
001 - CONTROL NUMBER
control field 18619098
005 - DATE AND TIME OF LATEST TRANSACTION
control field 20180816095556.0
008 - FIXED-LENGTH DATA ELEMENTS--GENERAL INFORMATION
fixed length control field 150515s2016 enka b 001 0 eng
020 ## - INTERNATIONAL STANDARD BOOK NUMBER
International Standard Book Number 9780199794553
040 ## - CATALOGING SOURCE
Transcribing agency PK-LaUMT
082 00 - DEWEY DECIMAL CLASSIFICATION NUMBER
Classification number 153
Edition number 23
Item number SUN-A
100 1# - MAIN ENTRY--PERSONAL NAME
Personal name Sun, Ron
245 10 - TITLE STATEMENT
Title Anatomy of the mind :
Remainder of title exploring psychological mechanisms and processes with the Clarion cognitive architecture /
Statement of responsibility, etc Ron Sun
260 ## - PUBLICATION, DISTRIBUTION, ETC. (IMPRINT)
Place of publication, distribution, etc Oxford :
Name of publisher, distributor, etc Oxford University Press,
Date of publication, distribution, etc 2016
300 ## - PHYSICAL DESCRIPTION
Extent xvi, 455 p. :
Other physical details illustrations ;
Dimensions 25 cm.
490 0# - SERIES STATEMENT
Series statement Oxford series on cognitive models and architectures
650 #0 - SUBJECT ADDED ENTRY--TOPICAL TERM
Topical term or geographic name as entry element Cognitive science.
650 #0 - SUBJECT ADDED ENTRY--TOPICAL TERM
Topical term or geographic name as entry element Cognitive neuroscience.
650 #0 - SUBJECT ADDED ENTRY--TOPICAL TERM
Topical term or geographic name as entry element Computer architecture.
650 #0 - SUBJECT ADDED ENTRY--TOPICAL TERM
Topical term or geographic name as entry element Cognition
General subdivision Computer simulation.
942 ## - ADDED ENTRY ELEMENTS (KOHA)
Koha item type Books
Holdings
Withdrawn status Lost status Damaged status Home library Current library Date acquired Full call number Barcode Date last seen Price effective from Koha item type
      UMT Main Campus UMT Main Campus 2018-08-16 153 SUN-A 123157 2021-07-03 2018-08-16 Books